Zoology (Record no. 229446)
[ view plain ]
| 000 -LEADER | |
|---|---|
| fixed length control field | 00477nam a22001817a 4500 |
| 005 - DATE AND TIME OF LATEST TRANSACTION | |
| control field | 20231211110516.0 |
| 008 - FIXED-LENGTH DATA ELEMENTS--GENERAL INFORMATION | |
| fixed length control field | 231211b ||||| |||| 00| 0 eng d |
| 020 ## - INTERNATIONAL STANDARD BOOK NUMBER | |
| International Standard Book Number | 0070325693 |
| 040 ## - CATALOGING SOURCE | |
| Transcribing agency | AL |
| 041 ## - LANGUAGE CODE | |
| Language code of text/sound track or separate title | eng |
| 082 ## - DEWEY DECIMAL CLASSIFICATION NUMBER | |
| Edition number | 23 |
| Classification number | 591 |
| Item number | JESZ |
| 100 ## - MAIN ENTRY--PERSONAL NAME | |
| Personal name | Nancy Jessop M. |
| 9 (RLIN) | 144721 |
| 245 ## - TITLE STATEMENT | |
| Title | Zoology |
| Remainder of title | : animal kingdom |
| 260 ## - PUBLICATION, DISTRIBUTION, ETC. | |
| Place of publication, distribution, etc. | New York |
| Name of publisher, distributor, etc. | McGraw-Hill |
| Date of publication, distribution, etc. | 1995 |
| 300 ## - PHYSICAL DESCRIPTION | |
| Extent | vi,484p. |
| Other physical details | PB |
| Dimensions | 27x20cm. |
| 650 ## - SUBJECT ADDED ENTRY--TOPICAL TERM | |
| Source of heading or term | history of animals |
| Topical term or geographic name entry element | Zoology |
| 9 (RLIN) | 144722 |
| 942 ## - ADDED ENTRY ELEMENTS (KOHA) | |
| Source of classification or shelving scheme | Dewey Decimal Classification |
| Koha item type | Book |
| Withdrawn status | Lost status | Source of classification or shelving scheme | Damaged status | Not for loan | Collection code | Home library | Current library | Date acquired | Total Checkouts | Full call number | Barcode | Date last seen | Price effective from | Koha item type |
|---|---|---|---|---|---|---|---|---|---|---|---|---|---|---|
| Dewey Decimal Classification | General Chemistry | St Aloysius PG Library | St Aloysius PG Library | 12/07/2023 | 591 JESZ | PG024527 | 12/11/2023 | 12/11/2023 | Donated Books |